Riesci a nominare 16 giocatori dell'Inter (2010-2020)? - Facile - Statistics

Statistiche generali
  • Questo quiz è stato fatto 70 volte
  • Il punteggio medio è 13 su 16
Statistiche sulle risposte
con Immagini Risposta % Corretto
Yuto Nagatomo
92%
Pablo Daniel Osvaldo
89%
Stefan de Vrij
89%
Gary Medel
88%
Borja Valero
86%
Hernanes
86%
Roberto Gagliardini
86%
Joao Mario
84%
Matias Vecino
84%
Felipe Melo
83%
Joao Cancelo
83%
Philippe Coutinho
83%
Mateo Kovacic
81%
Xherdan Shaqiri
80%
Nemanja Vidic
75%
Ever Banega
70%
Nessun quiz corrispondente trovato
Distribuzione punteggi
Percentuale di utenti per punteggio
Percentile per numero di risposta
I tuoi punteggi nel tempo
Non hai fatto questo quiz